00653 2200217 4500001002100000005001700021008004100038035002400079082001100103090002100114100001800135245006400153260009600217300002100313650002900334700002300363850001500386980001300401985000600414999001500420YOGYA-0209000004839120090227031938.0 ind  0010-020900000048391 a419.15 a419.15bSug VlT aSUGONO, Dendy aVerba dan komplementasinyacDendy Sugono, Titik Indiyastini aJakartabPusat Pembinaan dan Pengembangan Bahasa Departemen Pendidikan dan Kebudayaanc1994 ax, 50 hlmc21 cm aBahasa Indonesia - Verba aIndiyastini, Titik aYOPDYOG(M) a10-11-07 a1 a95A0022798